000 00365nam a22001577a 4500
003 MPLRDC
005 20220104123948.0
008 210129b ||||| |||| 00| 0 eng d
082 _a170 LHX
100 _a罗鸿翔编著
245 _a心理学引论
_c
260 _a
_b台湾书店
_c1968
300 _b
650 _a心理学总论
942 _cBK
_o170 LHX
999 _c15556
_d15546